[Event "ZN-2010-0-01053"]
[Site "LSS email"]
[Date "2010.05.25"]
[Round "?"]
[White "Carrillo, Fernando"]
[Black "Neil, Charles"]
[Result "1-0"]
[WhiteElo "665"]
[BlackElo "487"]
[PlyCount "85"]
[EventDate "2010.05.18"]
[EventType "match (corr)"]
[EventRounds "2"]
[EventCountry "GER"]
[SourceTitle "Telechess CBM 141"]
[Source "ChessBase"]
[SourceDate "2011.03.17"]
[SourceVersion "1"]
[SourceVersionDate "2011.03.17"]
[SourceQuality "1"]

1. d4 e6 2. c4 d5 3. Nc3 Nf6 4. Nf3 c6 5. e3 Nbd7 6. Bd3 dxc4 7. Bxc4 Bb4 8. 0-0 0-0 9. a3 Bd6 10. b4 Re8 11. Qb3 Nf8 12. Rd1 b5 13. Be2 Bb7 14. e4 Bc7 15. a4 a6 16. h3 Ng6 17. e5 Nd5 18. Nxd5 Qxd5 19. Qxd5 cxd5 20. axb5 axb5 21. Rxa8 Rxa8 22. Bxb5 Ba6 23. Bxa6 Rxa6 24. Bd2 h6 25. Rc1 Bb6 26. Rc6 Ne7 27. Rd6 Nf5 28. b5 Nxd6 29. bxa6 Ne4 30. Ba5 Ba7 31. Bb4 g6 32. Nd2 Nxd2 33. Bxd2 g5 34. Bc3 h5 35. Kf1 Kg7 36. Ke2 Kg6 37. Ke3 f5 38. exf6 Kxf6 39. Bb4 Kf5 40. Bc5 Bxc5 41. dxc5 e5 42. a7 d4+ 43. Kd2 1-0

[Event "IECG CP.2009.P.00022 email"]
[Site "IECG email"]
[Date "2009.10.01"]
[Round "?"]
[White "Carrillo, Fernando"]
[Black "Jara, Julio Cesar"]
[Result "0-1"]
[WhiteElo "800"]
[BlackElo "1381"]
[PlyCount "60"]
[EventDate "2009.10.01"]
[EventType "tourn (corr)"]
[EventRounds "6"]
[EventCountry "ARG"]
[SourceTitle "Corr 2024"]
[Source "ChessBase"]
[SourceDate "2023.10.19"]
[SourceVersion "1"]
[SourceVersionDate "2023.10.19"]
[SourceQuality "1"]

1. e4 e5 2. Nf3 Nc6 3. Bc4 Nf6 4. Nc3 Bc5 5. 0-0 d6 6. Nd5 Be6 7. c3 Nxe4 8. d4 Na5 9. Qd3 Nxc4 10. Qxe4 f5 11. Qh4 Bxd5 12. Bg5 Qd7 13. dxc5 Nxb2 14. Qh5+ Bf7 15. Qh3 0-0 16. Nh4 Be6 17. Qe3 f4 18. Qe4 Na4 19. cxd6 cxd6 20. Rfc1 Rac8 21. c4 h6 22. Bxh6 Nc5 23. Qc2 gxh6 24. Rd1 e4 25. Ng6 Rf6 26. Ne5 Qg7 27. h3 Bxh3 28. Kf1 Qxg2+ 29. Ke2 dxe5 30. Rg1 Bg4+ 0-1

[Event "IECG CP.2009.P.00022 email"]
[Site "IECG email"]
[Date "2009.10.01"]
[Round "?"]
[White "Washburn, David"]
[Black "Carrillo, Fernando"]
[Result "1-0"]
[WhiteElo "1381"]
[BlackElo "800"]
[PlyCount "51"]
[EventDate "2009.10.01"]
[EventType "tourn (corr)"]
[EventRounds "6"]
[EventCountry "ARG"]
[SourceTitle "Corr 2024"]
[Source "ChessBase"]
[SourceDate "2023.10.19"]
[SourceVersion "1"]
[SourceVersionDate "2023.10.19"]
[SourceQuality "1"]

1. Nf3 Nf6 2. d4 g6 3. g3 Bg7 4. Bg2 0-0 5. c4 d5 6. cxd5 Nxd5 7. e4 Nf6 8. Nc3 b6 9. 0-0 Bg4 10. Qa4 c6 11. Be3 b5 12. Qc2 Qc8 13. Rfe1 Bh3 14. Bh1 Nbd7 15. Rac1 e6 16. Ng5 Bg4 17. f3 h6 18. Nxf7 Rxf7 19. fxg4 Nxg4 20. e5 Nxe3 21. Rxe3 Nf8 22. Nxb5 Qa6 23. Bxc6 Rc8 24. Nd6 Rxc6 25. Qxc6 Qxc6 26. Rxc6 1-0